| 000 | 00623nam a22002057a 4500 | ||
|---|---|---|---|
| 999 |
_c9894 _d9894 |
||
| 003 | AR-CdUCM | ||
| 008 | 190328b ||||| |||| 00| 0 spa d | ||
| 020 | _a978-84-263-7179-9 | ||
| 040 |
_aMUNICIPALIDAD PROVINCIAL DEL CUSCO _cBIBLIOTECA MUNICIPAL DEL CUSCO |
||
| 082 |
_aSI-0119 / _bMAE / han |
||
| 100 |
_aMaestro, Pepe _926421 |
||
| 245 | _aHansel y Gretel / | ||
| 260 |
_aZaragoza : _bLuis Vives, _c2013. |
||
| 300 |
_bIlustraciones. _c22.5 cm. _e+ CD |
||
| 650 |
_aLiteratura infantil _9588 |
||
| 650 |
_aSiglo XXI _92856 |
||
| 700 |
_aMetola, Patricia (ilustraciones) _926422 |
||
| 942 |
_2ddc _cLIBROS |
||
| 945 | _aafb | ||